| 000 | 00464cam a2200157 i 4500 | ||
|---|---|---|---|
| 005 | 20250901165219.0 | ||
| 008 | 760220s1976 nyu b 001 0 eng | ||
| 010 | _a 76004967 | ||
| 020 | _a0231038852 | ||
| 050 | 0 | 0 |
_aHV45 .R6 _b.R6 |
| 082 | 0 | 0 | _a361.4 |
| 245 | 1 | 0 |
_aTheories of social work with groups / _cRobert W. Roberts and Helen Northen, editors. |
| 260 |
_aNew York : _bColumbia University Press, _c1976. |
||
| 300 |
_axviii, 401 p. ; _c24 cm. |
||
| 942 | _2ddc | ||
| 999 |
_c426 _d426 |
||